<?xml version="1.0" encoding="UTF-8"?>
<record
    xmlns:xsi="http://www.w3.org/2001/XMLSchema-instance"
    xsi:schemaLocation="http://www.loc.gov/MARC21/slim http://www.loc.gov/standards/marcxml/schema/MARC21slim.xsd"
    xmlns="http://www.loc.gov/MARC21/slim">

  <leader>01766    a2200217   4500</leader>
  <controlfield tag="001">55028</controlfield>
  <controlfield tag="005">20260407155826.0</controlfield>
  <controlfield tag="008">260407a2005    arg                 spa d</controlfield>
  <controlfield tag="003">AR-UNSa-BCEJYS</controlfield>
  <datafield tag="040" ind1=" " ind2=" ">
    <subfield code="a">AR-UNSa-BCEJYS</subfield>
    <subfield code="b">spa</subfield>
    <subfield code="c">AR-UNSa-BCEJYS</subfield>
  </datafield>
  <datafield tag="080" ind1=" " ind2=" ">
    <subfield code="a">330.567.28</subfield>
    <subfield code="x">Econom&#xED;a y Finanzas de los particulares</subfield>
  </datafield>
  <datafield tag="245" ind1="1" ind2="0">
    <subfield code="a">Ret&#xED;rate joven y rico</subfield>
    <subfield code="p">&#xA1;C&#xF3;mo volverse rico pronto y para siempre!</subfield>
  </datafield>
  <datafield tag="020" ind1=" " ind2=" ">
    <subfield code="a">987-04-0200-3</subfield>
  </datafield>
  <datafield tag="264" ind1=" " ind2="1">
    <subfield code="a">Buenos Aires :</subfield>
    <subfield code="b">Aguilar</subfield>
    <subfield code="c">2005</subfield>
  </datafield>
  <datafield tag="300" ind1=" " ind2=" ">
    <subfield code="a">507 p.</subfield>
    <subfield code="c">24 cm.</subfield>
  </datafield>
  <datafield tag="505" ind1=" " ind2=" ">
    <subfield code="a">1. Por qu&#xE9; David conoci&#xF3; a Goliat &#x2013; 2. El apalancamiento de tu mente &#x2013; 3. Como hacerte rico y retirarte joven &#x2013; 4. &#xBF;Por qu&#xE9; retirarse lo m&#xE1;s joven posible? &#x2013; 5. Como me retire prematuramente &#x2013; 6. Como t&#xFA; puedes retirarte pronto &#x2013; 7. El apalancamiento de tu mente &#x2013; 8. &#xBF;Qu&#xE9; consideras arriesgado? &#x2013; 9. Como trabajar menos y ganar m&#xE1;s &#x2013; 10. La forma m&#xE1;s f&#xE1;cil de hacerte rico r&#xE1;pidamente: un resumen de apalancamiento mental &#x2013; 11. El apalancamiento de tu plan &#x2013; 12. &#xBF;Qu&#xE9; tan r&#xE1;pido es tu plan? &#x2013; 13. El apalancamiento de ver un futuro rico &#x2013; 14. El apalancamiento de la integridad &#x2013; 15. El apalancamiento de los cuentos de hadas &#x2013; 16. El apalancamiento de la generosidad &#x2013; 17. El apalancamiento de tus actos &#x2013; 18. El apalancamiento de los h&#xE1;bitos &#x2013; 19. El apalancamiento de tu dinero &#x2013; 20. El apalancamiento de los bienes ra&#xED;ces &#x2013; 21. El apalancamiento de los activos en documentos &#x2013; 22. El apalancamiento de un negocio del cuadrante D &#x2013; 23. Excelentes tipos &#x2013; 24. La prueba final &#x2013; 25. El apalancamiento del primer paso &#x2013; 26. Como seguir adelante </subfield>
  </datafield>
  <datafield tag="942" ind1=" " ind2=" ">
    <subfield code="c">BK</subfield>
  </datafield>
  <datafield tag="590" ind1=" " ind2=" ">
    <subfield code="a">niveau_biblio:m niveau_hierar:0</subfield>
  </datafield>
  <datafield tag="100" ind1="1" ind2=" ">
    <subfield code="a">Kiyosaki, Robert T.</subfield>
  </datafield>
  <datafield tag="700" ind1="1" ind2=" ">
    <subfield code="a">Giovine, Mar&#xED;a Anndrea</subfield>
  </datafield>
  <datafield tag="999" ind1=" " ind2=" ">
    <subfield code="c">5873</subfield>
    <subfield code="d">5873</subfield>
  </datafield>
  <datafield tag="952" ind1=" " ind2=" ">
    <subfield code="0">0</subfield>
    <subfield code="1">0</subfield>
    <subfield code="4">0</subfield>
    <subfield code="7">0</subfield>
    <subfield code="a">BCEJYS</subfield>
    <subfield code="b">BCEJYS</subfield>
    <subfield code="c">16</subfield>
    <subfield code="d">2026-04-07</subfield>
    <subfield code="l">0</subfield>
    <subfield code="o">330.567.28 K46r</subfield>
    <subfield code="p">L116827</subfield>
    <subfield code="r">2026-04-07 15:58:26</subfield>
    <subfield code="w">2026-04-07</subfield>
    <subfield code="y">L</subfield>
  </datafield>
</record>
